000 00565nam a2200169 4500
999 _c4344
_d4344
008 160905b xxu||||| |||| 00| 0 eng d
022 _aEdition 2094-8042
082 _aDPer 370.105 M72 Jan-Dec 2012 v. 60-61
100 _914117
_aCastuciano, Kanalee G.
243 _aThe modern teacher
245 _aThe Filipino personality/
_cKanalee G. Castuciano.
260 _aPhilippines:
_bIn the Grade School, Inc.,
_c©2012.
300 _av61 n3, pages 92-93;
_c28 cm.
500 _aThe Modern Teacher.
650 0 _914118
_aCharacter
_xFilipino
942 _2ddc
_cPER